[...] Institvtionvm Hebraicarvm Libri V. I. De Orthographia. II. De Etymologia. III. De Syntaxi. IIII. De Prosodia V. De Anomalis

Bibliographic Details
Main Author: Schindler, Valentin, 1543-1604 (Author)
Other Authors: Krafft, Johann, dedičia, 16. storočie (Printer)
Format: Book
Language:Latin
PhysicalDescription:[18], 447 s. 17 cm
Published: Witebergae excudebant haeredes Iohannis Cratonis Anno 1581
Edition:Editio Secunda diligenter recognita & aucta
Subjects:

MARC

LEADER 00000nam a2200000 a 4500
001 vtls011598825
003 SK-MaSNL
005 20260301093613.0
008 251112s1581 gw 000 0 lat
015 |a SNBHFA1581 
020 |q (viaz.) 
040 |a SNKHF  |b slo  |c SNK  |e AACR2 
041 0 |a lat 
044 |a gw  |c DE 
072 7 |a 81  |x Lingvistika. Jazyky  |2 konspekt 
080 |a 81'1  |2 2011 
080 |a 811.411.16  |2 2001 
080 |a 811.411  |2 2001 
080 |a 81`367  |2 2011 
080 |a 81`373.6  |2 2011 
100 1 |a Schindler, Valentin,  |d 1543-1604  |4 aut  |9 165355 
245 1 0 |a [...] Institvtionvm Hebraicarvm  |n Libri V.  |p I. De Orthographia. II. De Etymologia. III. De Syntaxi. IIII. De Prosodia V. De Anomalis  |c Auctore M. Valentino Schindlero Oederano, Hebraicum literarum in Academia Vuitenbergensi Professore 
250 |a Editio Secunda diligenter recognita & aucta 
260 |a Witebergae  |b excudebant haeredes Iohannis Cratonis  |c Anno 1581 
300 |a [18], 447 s.  |c 17 cm 
500 |a Vinety, kutódy, iniciálky na dva riadky tlačené bez pozadia, iniciálky na tri riadky tlačené s pozadím 
504 |a Tlačené marginálie, errata 
508 |a Predslov autora 
510 |a VD 16  |c S 2917 
546 |a Latinčina  |a Hebrejčina  |b Antikva  |b Kurzíva 
561 |a Z knižnice Učenej spoločnosti malohontskej.  |5 SNK ID 99541/5 
561 |a Na prvom liste rukopisný provenienčný záznam: Ex Bibliothea Matth. Corvini Budensi. Donatus Comiti Reumundo de Coblenez.  |5 SNK 
561 |a Na titulnej strane rukopisný provenienčný záznam: M. Holko ab Ao. 1778.  |5 SNK ID 99541/5 
561 |a Na prvej strane provenienčný záznam: J. Maleter. 1770.  |5 SNK ID 99541/5 
562 |a Rukopisné marginálie a poznámky v latinčine, hebrejčine aj gréčtine.  |5 SNK ID 99541/5 
562 |a Na prvej strane rukopisný latinský a hebrejský záznam.  |5 SNK ID 99541/5 
562 |a Na druhej strane rukopisný hebrejský záznam.  |5 SNK ID 99541/5 
650 0 7 |a hebrejčina  |2 SNKPH  |9 1387 
650 0 7 |a semitské jazyky  |2 SNKPH  |9 1388 
650 0 7 |a syntax  |2 SNKPH  |9 1352 
650 0 7 |a etymológia  |2 SNKPH  |9 16982 
700 0 |a August,  |c saský kurfirst,  |d 1526-1586  |4 hnr  |9 169190 
700 1 |a Holko, Matej,  |d 1757-1832  |4 fmo  |9 6809 
700 1 |a Maleter, J.  |4 fmo  |9 426215 
700 1 |a Krafft, Johann,  |c dedičia,  |d 16. storočie  |4 prt  |9 183531 
710 1 |a Učená spoločnosť malohontská  |4 fmo  |9 205374 
752 |a Nemecko  |d Wittenberg 
852 |a snk  |b Historické fondy  |p ID 99541/5 
958 |a ONDV 
999 |c 677539  |d 679469 
952 |t MHC I.C.10  |a SNK  |b SNK  |c SNK_HF  |y PREZ  |7 0  |p 17A1129679  |o snkID 99541/5  |i snk2016/28534  |8 5  |0 0  |1 0  |4 0  |d 2016-12-09  |f 1  |l 0  |r 2026-02-23 19:46:37  |w 2026-02-23